• 首页
  • 本馆介绍
  • 公告通知
  • 最新文献
  • 馆藏检索
  • 电子资源
  • 读者导购
  • 参考咨询
  • 我的图书馆
  • 登录
  • 详细信息显示
  • 放入我的书架
  • 预约/预借图书
  • 作者相关作品
  • 分类相关作品
  • 丛书相关作品
  • 出版社相关作品

书目信息

  • 表格格式
  • 工作单格式
  • 卡片格式
题名:
劳动经济学
    
 
作者: 李放 主编
分册:  
出版信息: 北京   科学出版社  2013
页数: 10,270页
开本: 24cm
丛书名:
单 册:
中图分类: F240
科图分类:
主题词: 劳动经济学--教材 , 劳动经济学
电子资源:
ISBN: 978-7-03-036599-6
000 00805nam0 2200265 450
001 519
005 20140908164615.68
010    @a978-7-03-036599-6@dCNY32.00
100    @a20130506d2013 em y0chiy50 ea
101 0  @achi
102    @aCN@b110000
105    @ay z 000yy
106    @ar
200 1  @a劳动经济学@ALao Dong Jing Ji Xue@f李放主编@FLi Fang Zhu Bian
205    @a2版
210    @a北京@c科学出版社@d2013
215    @a10,270页@d24cm
300    @a劳动与社会保障系列教材/童星总主编
330    @a本书共分十一章,包括劳动力市场概论、劳动力需求、劳动力供给、人力资本投资、劳动力流动、工资、就业与失业等。
606 0  @a劳动经济学@j教材
606 0  @a劳动经济学
690    @aF240@v5
701  0 @a李放@ALi Fang@4主编
801  0 @aCN@bTANGWEI@c20140603
905    @b0838027-29@dF240@e103=2@f3
    
    劳动经济学/李放主编.-2版.-北京:科学出版社,2013
    10,270页;24cm
    劳动与社会保障系列教材/童星总主编
    
    ISBN 978-7-03-036599-6:CNY32.00
    本书共分十一章,包括劳动力市场概论、劳动力需求、劳动力供给、人力资本投资、劳动力流动、工资、就业与失业等。
●
相关链接 在E读中查询图书 在五车中查询图书 在当当中查询图书 在豆瓣中查询图书


正题名:劳动经济学     索取号:F240/103=2         预约/预借

序号 登录号 条形码 馆藏地/架位号 状态 备注
1 0838027   208380278   第一样本阅览室/ [索取号:F240/103=2] 在馆    
2 0838028   208380287   第一借阅区/ [索取号:F240/103=2] 在馆    
3 0838029   208380296   第一借阅区/ [索取号:F240/103=2] 在馆    
唐山师范学院图书馆 欢迎您!
大连网信软件有限公司© 版权所有